Characteristics of children in Medicaid managed care and Medicaid fee-for-service, 2003-2005 /

Bibliographic Details
Main Authors: Lloyd, Patricia C. (Author), Simon, Alan E. (Author), Parker, J. (Jennifer D.) (Author)
Format: Government Document eBook
Language:English
Published: [Atlanta, Ga.] : U.S. Department of Health Human Services, Centers for Disease Control and Prevention, National Center for Health Statistics, [2015]
Series:National health statistics reports ; number 80.
DHHS publication ; no. 2105-1520.
Subjects:
Online Access:https://purl.fdlp.gov/GPO/gpo64776

MARC

Tag First Indicator Second Indicator Subfields
LEADER 00000cam a2200000Ii 4500
001 in00003800539
005 20211120173842.0
006 m o d f
007 cr cn|||||||||
008 160201s2015 gaua obs f000 0 eng d
035 |a (OCoLC)ocn936320940 
040 |a GPO  |b eng  |e rda  |e pn  |c GPO  |d OCLCF  |d GPO  |d MvI  |d UtOrBLW 
043 |a n-us--- 
049 |a WWW 
074 |a 0500-E-18 (online) 
086 0 |a HE 20.6209/3-2:80 
100 1 |a Lloyd, Patricia C.,  |e author. 
245 1 0 |a Characteristics of children in Medicaid managed care and Medicaid fee-for-service, 2003-2005 /  |c Patricia C. Lloyd, Alan E. Simon, and Jennifer D. Parker. 
264 1 |a [Atlanta, Ga.] :  |b U.S. Department of Health Human Services, Centers for Disease Control and Prevention, National Center for Health Statistics,  |c [2015] 
300 |a 1 online resource (15 pages) :  |b color illustrations. 
336 |a text  |b txt  |2 rdacontent 
337 |a computer  |b c  |2 rdamedia 
338 |a online resource  |b cr  |2 rdacarrier 
490 1 |a National health statistics reports ;  |v number 80 
490 1 |a DHHS publication;  |v no. 2105-1520 
500 |a Title from title screen (viewed on Jan. 29, 2016). 
500 |a "June 8, 2015." 
504 |a Includes bibliographical references (pages 9-10). 
650 0 |a Poor children  |x Health and hygiene  |z United States  |v Statistics. 
650 0 |a Poor children  |z United States  |x Social conditions  |v Statistics. 
650 0 |a Medicaid  |v Statistics. 
650 0 |a Child health services  |z United States  |v Statistics. 
650 7 |a Child health services.  |2 fast  |0 (OCoLC)fst00854442 
650 7 |a Medicaid.  |2 fast  |0 (OCoLC)fst01013657 
651 7 |a United States.  |2 fast  |0 (OCoLC)fst01204155 
700 1 |a Simon, Alan E.,  |e author. 
700 1 |a Parker, J.  |q (Jennifer D.),  |e author.  |0 http://id.loc.gov/authorities/names/n2007185002 
710 2 |a National Center for Health Statistics (U.S.),  |e issuing body.  |0 http://id.loc.gov/authorities/names/n79040094 
776 0 8 |i Print version:  |a Lloyd, Patricia C.  |t Characteristics of children in Medicaid managed care and Medicaid fee-for-service, 2003-2005  |w (OCoLC)965665324 
830 0 |a National health statistics reports ;  |v number 80.  |0 http://id.loc.gov/authorities/names/no2008178969 
830 0 |a DHHS publication ;  |v no. 2105-1520.  |0 http://id.loc.gov/authorities/names/n42037386 
856 4 0 |u https://purl.fdlp.gov/GPO/gpo64776  |t 0 
999 f f |s 947c3390-772d-3100-8479-141eba1a17be  |i 963f14ec-6812-35e6-8009-ccc76551baac  |t 0 
952 f f |a Texas A&M University  |b College Station  |c Electronic Resources  |d Available Online  |t 0  |e HE 20.6209/3-2:80  |h Superintendent of Documents classification 
998 f f |a HE 20.6209/3-2:80  |t 0  |l Available Online